Pop culture en images - E - Statistiques

Statistiques générales
  • Ce quiz a été pris 364 fois
  • Le résultat moyen est 6 sur 16
Statistiques - réponses
Par images Réponse % Correct
Elsa
99%
Eren Jaeger
81%
Edward Cullen
64%
Eric Cartman
63%
Erza Scarlett
59%
Ezio Auditore
43%
Ekko
42%
Elizabeth Swann
41%
Électhor
38%
Eugène Fitzherbert
34%
Erina Nakiri
21%
Emmett Brown
19%
Emilia
17%
Ezekiel
11%
Evelyn Parker
3%
Eurêka
1%
Aucun quiz correspondant
Distribution des résultats
% des personnes avec chaque résultat
Percentile par nombre de réponses
Votre historique - résultats
Vous n’avez pas pris ce quiz